Formula 1: Top scorers by nation - Statistics

General Stats
  • This quiz has been taken 27 times
  • The average score is 25 of 34
Answer Stats
Nation (points) Answer % Correct
Spain (2393) Fernando Alonso
100%
United Kingdom (5018.5) Lewis Hamilton
100%
Netherlands (3444.5) Max Verstappen
100%
Monaco (1672) Charles Leclerc
96%
Finland (1873) Kimi Raikkonen
96%
Germany (3098) Sebastian Vettel
96%
Mexico (1638) Sergio Perez
96%
Thailand (313) Alex Albon
92%
Australia (1329) Daniel Ricciardo
92%
France (798.5) Alain Prost
88%
Canada (325) Lance Stroll
88%
Austria (420.5) Niki Lauda
88%
Poland (274) Robert Kubica
88%
Brasil (1167) Felipe Massa
84%
Colombia (307) Juan Pablo Montoya
84%
Russia (202) Daniil Kvyat
80%
Denmark (202) Kevin Magnussen
80%
China (16) Zhou Guanyu
80%
USA (180) Mario Andretti
76%
South Africa (255) Jody Scheckter
72%
Venezuela (76) Pastor Maldonado
72%
New Zealand (248) Danny Hulme
68%
Argentina (310) Carlos Reutemann
64%
Japan (125) Kamui Kobayashi
64%
Belgium (181) Jacky Ickx
60%
Italy (281) Riccardo Patrese
60%
Sweden (206) Ronnie Peterson
60%
Switzerland (212) Clay Regazzoni
56%
Hungary (1) Zsolt Baumgartner
48%
India (5) Narain Karthikeyan
44%
Portugal (7) Tiago Monteiro
44%
Ireland (15) Derek Daly
40%
Chile (3) Eliseo Salazar
40%
Rhodesia (now Zimbabwe) (6) John Love
40%
No matching quizzes found
Score Distribution
Percent of People with Each Score
Percentile by Number Answered
Your Score History
You have not taken this quiz